Developing students' writing skills for the maturita examination

Bibliographic Details
Main Author: Bathgate, Frances (Author)
Format: Book
Language:English
PhysicalDescription:52 s. 30 cm
Published: Banská Bystrica Metodicko-pedagogické centrum 2006
ISBN:8080415080
Edition:[1. vyd.]
Series:Sekundárne vzdelávanie
Subjects:

MARC

LEADER 00000cam a2200000 a 4500
001 vtls008954242
003 SK-MaSNL
005 20260426002213.0
008 240313s2006 xo g f 000 0 eng
015 |a SNBA2007/05-01802 
020 |a 8080415080  |q (brož.) 
035 |a AC5D2564-F6AA-4C39-9497-3C52924FF3AE 
035 |a urn:nbn:sk:snk-amkt2w 
035 |a urn:nbn:sk:snk-am0056rn 
040 |a SNK  |b slo  |c SNK  |e AACR2 
041 0 |a eng 
044 |a xo  |c SK 
072 7 |a 811.111  |x Angličtina  |2 konspekt 
080 |a 811.111  |2 2001 
080 |a 373.5.016  |2 2001 
080 |a 371.279.5/.6  |2 2001 
080 |a (035)  |2 2001 
100 1 |a Bathgate, Frances  |4 aut  |9 475351 
245 1 0 |a Developing students' writing skills for the maturita examination  |c Frances Bathgate 
250 |a [1. vyd.] 
260 |a Banská Bystrica  |b Metodicko-pedagogické centrum  |c 2006 
300 |a 52 s.  |c 30 cm 
366 |e 250 výtl. 
490 1 |a Sekundárne vzdelávanie 
504 |a Bibliogr. s. 52 
650 0 7 |a angličtina  |2 SNKPH  |9 1260 
650 0 7 |a učivo stredných škôl  |2 SNKPH  |9 65982 
650 0 7 |a maturitné skúšky  |2 SNKPH  |9 66554 
655 7 |a príručky  |2 SNKPH  |9 74364 
830 0 |a Sekundárne vzdelávanie  |9 298093 
919 |a 80-8041-508-0 
958 |a OND 
958 |a NB 
968 |d 81 
999 |c 912721  |d 914651 
952 |a SNK  |b SNK  |y PREZ  |7 0  |p 17A0545361  |o snkSB 74065  |i snk2007/7916  |8 0  |0 0  |1 0  |4 0  |d 2007-03-20  |f 1  |l 0  |r 2025-04-24 00:00:00  |w 2026-02-24 
952 |a SNK  |b SNK  |y VYP  |7 0  |p 17A0545362  |o snkSB 74065 D1  |i snk2007/7917  |8 0  |0 0  |1 0  |4 0  |d 2007-03-20  |l 0  |r 2016-06-30 00:00:00  |w 2026-02-24